LEADER 03247 am 2200685 n 450 001 9910321056303321 005 20181025 010 $a2-37747-101-3 024 7 $a10.4000/books.ugaeditions.8654 035 $a(CKB)4100000008103941 035 $a(FrMaCLE)OB-ugaeditions-8654 035 $a(oapen)https://directory.doabooks.org/handle/20.500.12854/46275 035 $a(PPN)241290864 035 $a(EXLCZ)994100000008103941 100 $a20190430j|||||||| ||| 0 101 0 $afre 135 $auu||||||m|||| 181 $ctxt$2rdacontent 182 $cc$2rdamedia 183 $acr$2rdacarrier 200 10$aÉmile Zola au pays de l'Anarchie /$fVittorio Frigerio 210 $aGrenoble $cUGA Éditions$d2018 215 $a1 online resource (158 p.) 311 $a2-84310-085-2 330 $aLa vie et la carrière d'Émile Zola, intellectuel public par excellence, ont été suivies avec un mélange de fascination et de méfiance par les militants anarchistes de son temps. Des grands succès romanesques à l'affaire Dreyfus, et de là jusqu'à sa mort imprévue, son parcours a été commenté, critiqué, admiré, par ces révolutionnaires intransigeants qui auraient aimé pouvoir compter sur un écrivain célèbre parmi les fervents de leur cause. Cet ouvrage propose vingt-six articles parus dans la presse libertaire, précédés d'une étude historique, qui nous renvoient l'image d'un autre Zola que celui qui nous a été légué par l'histoire littéraire. Un Zola plus grand dans les défauts comme dans les qualités, un Zola tel qu'on a pu le lire, tel qu'on a pu le voir, le connaître, dans bien des cas lui parler, l'entendre. Un Zola tel qu'on a su l'imaginer et aussi un Zola qui a existé, à côté des autres qu'on connaît ou qu'on croyait connaître. Une autre Vérité qui est, elle aussi, en marche. 606 $aPolitics and literature$zFrance$xHistory$y19th century 607 $aFrance$xPolitics and government$y1870-1940 610 $aintellectuel 610 $ahistoire littéraire 610 $aaffaire Dreyfus 610 $anaturalisme 615 0$aPolitics and literature$xHistory 700 $aBarrucand$b Victor$0490871 701 $aBerneri$b Camillo$0176682 701 $aCharles-Albert$01311990 701 $aCharpentier$b John L$01311991 701 $aDecrept$b Étienne$01311992 701 $aDescaves$b Lucien$0389800 701 $aDevaldès$b Manuel$01281921 701 $ad?Axa$b Zo$01311993 701 $aFaure$b Sébastien$01311994 701 $aFrancis$0809370 701 $aGirard$b André$01311995 701 $aGirault$b Ernest$01311996 701 $aGolberg$b Mécislas$01311997 701 $aGrandidier$b Louis$01311998 701 $aGrave$b Jean$0139102 701 $aLantoine$b Albert$0252112 701 $aLefrançais$b Gustave$0562734 701 $aMadin$b A$01311999 701 $aMercier$b Ch$076097 701 $aPouget$b Émile$0775185 701 $aQuillard$b Pierre$0190715 701 $aRainaldy$b Henri$01312000 701 $aFrigerio$b Vittorio$0442383 801 0$bFR-FrMaCLE 906 $aBOOK 912 $a9910321056303321 996 $aÉmile Zola au pays de l'Anarchie$93030655 997 $aUNINA LEADER 01820nam 2200433z- 450 001 9910493737903321 005 20210724 010 $a1000123341 035 $a(CKB)5590000000537443 035 $a(oapen)https://directory.doabooks.org/handle/20.500.12854/71422 035 $a(oapen)doab71422 035 $a(EXLCZ)995590000000537443 100 $a20202107d2021 |y 0 101 0 $ager 135 $aurmn|---annan 181 $ctxt$2rdacontent 182 $cc$2rdamedia 183 $acr$2rdacarrier 200 00$aChemomechanische Modellierung der Wa?rmebehandlung von Sta?hlen mit der Phasenfeldmethode 210 $aKarlsruhe$cKIT Scientific Publishing$d2021 215 $a1 online resource (266 p.) 225 1 $aSchriftenreihe des Instituts für Angewandte Materialien, Karlsruher Institut für Technologie 311 08$a3-7315-1050-2 330 $aThe development of high-strength steels can be accelerated using numerical methods. In particular, the phase-field method has emerged as a powerful tool to describe the microstructure evolution on the mesoscopic length scale. In the present work, multiphase-field models are presented to numerically display the morphological evolution during the heat treatment of steel. 606 $aMechanical engineering & materials$2bicssc 610 $adual-phase steel 610 $aDualphasenstahl 610 $aheat treatment 610 $amodeling 610 $aModellierung 610 $aphase field 610 $aPhasenfeldmethode 610 $aWa?rmebehandlung 615 7$aMechanical engineering & materials 700 $aSchoof$b Ephraim$4auth$01312886 906 $aBOOK 912 $a9910493737903321 996 $aChemomechanische Modellierung der Wärmebehandlung von Stählen mit der Phasenfeldmethode$93031074 997 $aUNINA